000 00899nam a2200217 a 4500
001 BRCA_8957
005 20190320210454.0
008 050717s1774----sp-#######---#000-0#lat-#
041 _alat
044 _asp
084 _aBE27
_b.O68 1774
245 1 0 _aDe optima legendorum ecclesiae patrum methodo
_bin quatuor partes tributa: ex Gallico in Latinum sermonem traslata [et] nonnullis annotationibus illustrata
_cinterprete J.F.R ...
260 _aMatriti
_bEx typographia D. Antonii de Sancha
_c1774
300 _a[11], 335 p.
_c21.5 x 15 cm
500 _aSuperiorum permissu
500 _aEn portada: Se hallará en la Librería de Alverá, Carrera de San Geronymo; y en la de Sancha, à la Aduana vieja
500 _aEstado físico: presenta encuadernación en pergamino con cintas
650 1 4 _aIglesia católica
_xHistoria
_yObras anteriores a 1800
_921972
902 _aCFM
942 _2lcc
_cB
999 _c8608
_d8608